Nízkoenergetický merací systém pre včelstvo s využitím BLE technológie

Salvato in:
Dettagli Bibliografici
Autore principale: Hank, Jozef (Autore)
Altri autori: Bittera, Mikuláš (Relatore della tesi)
Natura: Manoscritto Libro
Lingua:slovacco
Pubblicazione: Bratislava : STU v Bratislave FEI, 2022
Soggetti:
Accesso online:https://opac.crzp.sk/?fn=detailBiblioForm&sid=7E432E204D1F6C32955F893802D8&seo=CRZP-detail-kniha
Tags: Aggiungi Tag
Nessun Tag, puoi essere il primo ad aggiungerne!!

MARC

LEADER 00000ntm a22000003a 4500
001 stuzp86309
003 SK-STU
005 20221121132221.3
007 ta
008 150427s2015----xo-----f-mn---000-0-slo-d
040 |a STU  |b slo 
041 0 |a slo 
044 |a xo 
100 1 |a Hank, Jozef  |u 034000  |4 aut  |U FEI Fakulta elektrotechniky a informatiky  |T FEI Ústav elektrotechniky  |X 92401  |U E040  |Y 550  |7 92401 
242 0 1 |a Beehive low-energy measurement system using BLE technology  |y eng 
245 1 0 |a Nízkoenergetický merací systém pre včelstvo s využitím BLE technológie 
260 |a Bratislava :  |b STU v Bratislave FEI,  |c 2022 
300 |a 87 s. 
650 4 |a GAP  |2 slo 
650 4 |a STM32WB  |2 slo 
650 4 |a Bluetooth Low Energy  |2 slo 
650 4 |a GATT  |2 slo 
650 4 |a STM32WB  |2 eng 
650 4 |a Bluetooth Low Energy  |2 eng 
650 4 |a GAP  |2 eng 
650 4 |a GATT  |2 eng 
700 1 |a Bittera, Mikuláš  |u 034000  |k Z1  |4 ths  |U FEI Fakulta elektrotechniky a informatiky  |T FEI Ústav elektrotechniky  |X 1777  |U E040  |Y 550  |7 A000001777 
856 4 |u https://opac.crzp.sk/?fn=detailBiblioForm&sid=7E432E204D1F6C32955F893802D8&seo=CRZP-detail-kniha